| 000 | 00374nam a22001577a 4500 | ||
|---|---|---|---|
| 005 | 20161024110259.0 | ||
| 008 | 161024b xxu||||| |||| 00| 0 eng d | ||
| 020 | _a81-7138-119-7 | ||
| 041 | _aeng | ||
| 100 |
_aBHARDWAJ,NAND _93673 |
||
| 245 | _aSANSKRITI JANSANCHAR AUR BAZAR | ||
| 260 | _bSAMAYIK | ||
| 300 | _a207 | ||
| 650 |
_aMASS COM @JOURNASLIM _93675 |
||
| 942 | _cBK | ||
| 999 |
_c5317 _d5315 |
||